Antropología filosófica / (Record no. 75996)

MARC details
000 -LEADER
campo de control de longitud fija 00669nam a2200217 i 4500
001 - NÚMERO DE CONTROL
campo de control 75996
003 - IDENTIFICADOR DE NÚMERO DE CONTROL
campo de control ES-MaACL
005 - FECHA Y HORA DE LA ÚLTIMA TRANSACCIÓN
campo de control 20250701212928.0
007 - CAMPO FIJO DE DESCRIPCIÓN FÍSICA--INFORMACIÓN GENERAL
campo de control de longitud fija t|
008 - DATOS DE LONGITUD FIJA--INFORMACIÓN GENERAL
campo de control de longitud fija 040928s1951 ag ||||1| spa d
100 1# - ENTRADA PRINCIPAL--NOMBRE DE PERSONA
Nombre de persona Groethuysen, Bernard.
9 (RLIN) 60114
245 10 - MENCIÓN DEL TÍTULO
Título Antropología filosófica /
Mención de responsabilidad, etc. Bernhard Groethuysen.
260 ## - PUBLICACIÓN, DISTRIBUCIÓN, ETC.
Lugar de publicación, distribución, etc. Buenos Aires :
Nombre del editor, distribuidor, etc. Losada,
Fecha de publicación, distribución, etc. [1951] (
Fabricante Art. Gráf. Bartolomé U.)
300 ## - DESCRIPCIÓN FÍSICA
Extensión 388 p. ;
Dimensiones 21 cm.
490 1# - MENCIÓN DE SERIE
Mención de serie Biblioteca filosófica
700 1# - ENTRADA AGREGADA--NOMBRE PERSONAL
Nombre de persona Rovira Armengol, José.
9 (RLIN) 100141
830 00 - PUNTO DE ACCESO ADICIONAL DE SERIE-TÍTULO UNIFORME
Título uniforme Biblioteca filosófica
9 (RLIN) 179275
852 ## - LOCALIZACIÓN
Ubicación ES-MaACL
Número de control de estantería D-8760
Sublocalización o colección R.34187
852 ## - LOCALIZACIÓN
Ubicación ES-MaACL
Número de control de estantería C-5662
Sublocalización o colección R.34748
Holdings
Estatus retirado Estado de pérdida Estado de daño No para préstamo Biblioteca de origen Biblioteca actual Ubicación en estantería Fecha de adquisición Fuente de adquisición Total de préstamos Signatura topográfica completa Código de barras Visto por última vez Precio de reemplazo Tipo de ítem Koha
        Biblioteca del Ateneo de Madrid Biblioteca del Ateneo de Madrid Sala Palomar 17/01/2008     C-5662 1079536 23/02/2023 23/02/2023 Libro impreso
        Biblioteca del Ateneo de Madrid Biblioteca del Ateneo de Madrid Sala Valle Inclán 17/01/2008     D-8760 901079535 23/02/2023 23/02/2023 Libro impreso